Integration of Fuel Cell with Renewable Energy Resources in a Microgrid Setup for an Off-Grid Community/ (Record no. 612013)

000 -LEADER
fixed length control field 00494nam a22001577a 4500
082 ## - DEWEY DECIMAL CLASSIFICATION NUMBER
Classification number 621.41
Author Mark DUR
100 ## - MAIN ENTRY--PERSONAL NAME
Personal name Dur e Sabi (364277)
245 ## - TITLE STATEMENT
Title Integration of Fuel Cell with Renewable Energy Resources in a Microgrid Setup for an Off-Grid Community/
264 ## - PRODUCTION, PUBLICATION, DISTRIBUTION, MANUFACTURE, AND COPYRIGHT NOTICE
Place of production, publication, distribution, manufacture Islamabad :
Name of producer, publisher, distributor, manufacturer USPCAS-E, NUST
Date of production, publication, distribution, manufacture, or copyright notice September, 2024.
300 ## - PHYSICAL DESCRIPTION
Extent xv, 66 p.
Accompanying material +CD
520 ## - SUMMARY, ETC.
Summary, etc. TH-584
650 ## - SUBJECT ADDED ENTRY--TOPICAL TERM
Topical term or geographic name entry element MS ESE Thesis
650 ## - SUBJECT ADDED ENTRY--TOPICAL TERM
Topical term or geographic name entry element MS Thesis
700 ## - ADDED ENTRY--PERSONAL NAME
Personal name Dr. Majid Ali
942 ## - ADDED ENTRY ELEMENTS (KOHA)
Source of classification or shelving scheme
Koha item type Thesis
Holdings
Withdrawn status Permanent Location Current Location Date acquired Full call number Barcode Koha item type
  US-Pakistan Center for Advanced Studies in Energy (USPCAS-E) US-Pakistan Center for Advanced Studies in Energy (USPCAS-E) 10/08/2024 621.41 DUR CAS-ETH0000584 Thesis
© 2023 Central Library, National University of Sciences and Technology. All Rights Reserved.